000 00664nam a2200205Ii 4500
003 JO-AjNU
008 230605s9999||||xx |||||||||||||| ||und||
040 _aJO-AjNU
_bara
_erda
_cJO-AjNU
041 _aara
050 1 4 _aML189 .J852 1984
100 3 _aالجندي، احمد تأليف,
_eauthor
_937742
245 0 0 _a رواد النغم العربي
250 _aط1
264 3 1 _aدمشق: دار طلاس،1984
300 _a176ص
336 _atext
_btxt
_2rdacontent
337 _aunmediated
_bn
_2rdamedia
338 _avolume
_bnc
_2rdacarrier
650 4 _aموسيقى عربية - تاريخ ونقد موسيقيون عرب - مصر.
_937743
999 _aA15797
_c19365
_d19365